MARC

LEADER 00000nam a22000007a 4500
001 28829
003 AGDB
005 20260324181530.0
008 230306b spa||||| |||| 00| 0 cat d
017 |a B 11498-2024 
040 |a agdb  |b cat 
245 |a Escenari secret :   |b Cabrils 9/6/2024 
260 |a Barcelona :   |b Diputació de Barcelona ;   |c 2024 
300 |a 1 tríptic ;   |b il. col. ;   |c 10 x 21 cm. 
650 0 |2 Arxiu  |a Espectacles i passatemps   |z Cabrils (Catalunya) 
650 0 |2 Arxiu  |a Música  |z Cabrils (Catalunya) 
650 0 |a Dansa   |2 Arxiu  |z Cabrils (Catalunya)  |9 42791 
655 0 |a Fulletons  |9 55858 
710 1 |9 52669  |a Barcelona (Catalunya : Província).  |b Oficina de Difusió Artística 
710 |a Cabrils (Catalunya).  |b Ajuntament  |9 54820 
942 |2 udc  |c ARXIU  |n 1 
952 |0 0  |1 0  |4 0  |6 FU7848  |7 1  |9 98030  |a Arxiu  |b Arxiu  |d 2025-05-07  |l 0  |o FU-78-48  |p 28829  |r 2025-05-07 00:00:00  |w 2025-05-07  |y ARXIU 
999 |c 129816  |d 129816